Loading...
| Philosophy | 8 | 1 | 1 | 0 | 125 | 30 | 69.11 | 9 | 9 | 0.00 | 0.00 |
| Literature - British | 4 | 6 | 0 | 0 | 120 | 54 | 94.00 | 6 | 10 | 0.00 | 0.00 |
| History - World | 4 | 5 | 0 | 1 | 110 | 51 | 83.33 | 8 | 9 | 0.00 | 0.00 |
| Social Science | 2 | 7 | 0 | 1 | 100 | 66 | 93.56 | 7 | 9 | 0.00 | 0.00 |
| Fine Arts - Visual | 5 | 4 | 3 | 0 | 100 | 58 | 90.56 | 7 | 9 | 0.00 | 0.00 |
| Literature - American | 3 | 6 | 1 | 0 | 100 | 33 | 89.67 | 6 | 9 | 0.00 | 0.00 |
| Literature - European | 2 | 7 | 0 | 0 | 100 | 38 | 98.33 | 9 | 9 | 0.00 | 0.00 |
| Literature - World | 2 | 6 | 1 | 0 | 85 | 51 | 101.75 | 7 | 8 | 0.00 | 0.00 |
| Religion | 2 | 5 | 0 | 1 | 80 | 43 | 94.57 | 4 | 7 | 0.00 | 0.00 |
| Fine Arts - Other | 0 | 8 | 0 | 2 | 80 | 97 | 129.50 | 4 | 8 | 0.00 | 0.00 |
| History - American | 2 | 5 | 1 | 0 | 75 | 61 | 88.00 | 5 | 7 | 0.00 | 0.00 |
| History - Ancient/Other | 1 | 6 | 2 | 0 | 65 | 45 | 83.71 | 3 | 7 | 0.00 | 0.00 |
| Science - Other | 1 | 5 | 1 | 2 | 60 | 47 | 112.50 | 1 | 6 | 0.00 | 0.00 |
| Other Academic | 1 | 4 | 0 | 0 | 55 | 26 | 79.00 | 3 | 5 | 0.00 | 0.00 |
| History - European | 2 | 4 | 3 | 0 | 55 | 39 | 68.00 | 4 | 6 | 0.00 | 0.00 |
| Geography | 2 | 3 | 1 | 1 | 55 | 54 | 106.80 | 2 | 5 | 0.00 | 0.00 |
| Science - Chemistry | 0 | 3 | 0 | 1 | 30 | 137 | 140.00 | 0 | 3 | 0.00 | 0.00 |
| Mythology | 0 | 3 | 0 | 0 | 30 | 104 | 126.67 | 1 | 3 | 0.00 | 0.00 |
| Current Events | 1 | 1 | 0 | 0 | 25 | 33 | 75.50 | 1 | 2 | 0.00 | 0.00 |
| Fine Arts - Auditory | 0 | 3 | 3 | 0 | 15 | 89 | 132.33 | 1 | 3 | 0.00 | 0.00 |
| Science - Physics | 0 | 1 | 0 | 0 | 10 | 134 | 134.00 | 0 | 1 | 0.00 | 0.00 |
| History - Ancient | 0 | 1 | 0 | 0 | 10 | 85 | 85.00 | 0 | 1 | 0.00 | 0.00 |
| Science - Biology | 0 | 1 | 1 | 0 | 5 | 135 | 135.00 | 0 | 1 | 0.00 | 0.00 |